| 000 | 00442nam a2200205Ia 4500 | ||
|---|---|---|---|
| 003 | IT-RoPAU | ||
| 008 | 120407s9999 xx 000 0 und d | ||
| 040 | _aIT-RoPAU | ||
| 040 | _cIT-RoPAU | ||
| 041 | _aita | ||
| 100 | _aErnst Cassirer | ||
| 245 | _aFilosofia delle forme simboliche. 4 voll. | ||
| 250 | _aFirenze | ||
| 260 | _aLa Nuova Italia | ||
| 260 | _c1966 | ||
| 300 | _c21 cm | ||
| 490 | _v1 | ||
| 942 | _cBK | ||
| 999 |
_c23511 _d23511 |
||